000 00583nam a22001937a 4500
003 KOHA_MİRAKIL
005 20251221130303.0
008 251221b tu ||||| |||| 00| 0 tur d
020 _a9786256385405
040 _aTR-AnABB
_btur
_cTR-AnABB
041 _atur
082 _a332.0973
_bKRI 2023
100 1 _aKrippner, Greta R.,
245 1 0 _aNeoliberal finansallaşmanın politik kökenleri /
_cGreta R. Krippner
260 _aİstanbul :
_bVakıfbank Kültür Yayınları,
_c2023
300 _a322 sayfa ;
_c20 cm
650 0 4 _aFinansman ekonomisi
942 _2ddc
_cBK
999 _c9827
_d9827
900 _bGizem YORULMAZ